LIBERTY, EQUALITY AND JUSTICE (Record no. 216291)

MARC details
000 -LEADER
fixed length control field 00492nam a22001577a 4500
008 - FIXED-LENGTH DATA ELEMENTS--GENERAL INFORMATION
fixed length control field 251126b |||||||| |||| 00| 0 eng d
100 ## - MAIN ENTRY--PERSONAL NAME
Personal name SATHE, S. P.
245 ## - TITLE STATEMENT
Title LIBERTY, EQUALITY AND JUSTICE
Remainder of title STRUGGLES FOR A NEW SOCIAL ORDER
260 ## - PUBLICATION, DISTRIBUTION, ETC.
Place of publication, distribution, etc. LUCKNOW
Name of publisher, distributor, etc. EBC PUBLISHING
Date of publication, distribution, etc. 2003
300 ## - PHYSICAL DESCRIPTION
Extent XXVI,387P.
500 ## - GENERAL NOTE
General note INCLUDES INDEX
650 ## - SUBJECT ADDED ENTRY
Topical term or geographic name entry element 1. LIBERTY 2. EQUALITY 3. JUSTICE 4. HHUMAN RIGHTS 5. SOCIAL RIGHTS
700 ## - ADDED ENTRY--PERSONAL NAME
Personal name NARAYAN, SATHYA
942 ## - ADDED ENTRY ELEMENTS (KOHA)
Source of classification or shelving scheme Library of Congress Classification
Koha item type Long Loan Book
Holdings
Withdrawn status Lost status Source of classification or shelving scheme Damaged status Not for loan Collection Home library Current library Shelving location Date acquired Inventory number Total checkouts Full call number Barcode Date last seen Copy number Price effective from Koha item type
    Library of Congress Classification     Arts & Social Sciences Kisii University Library Kisii University Library On Display 11/26/2025 110148   JC 571 .L53 2003 000000002851 11/26/2025 C.1 11/26/2025 Long Loan Book
    Library of Congress Classification     Arts & Social Sciences Kisii University Library Kisii University Library On Display 11/26/2025 110149   JC 571 .L53 2003 000000002852 11/26/2025 C.2 11/26/2025 Long Loan Book
    Library of Congress Classification     Arts & Social Sciences Kisii University Library Kisii University Library On Display 11/26/2025 110150   JC 571 .L53 2003 000000002853 11/26/2025 C.3 11/26/2025 Long Loan Book